Behaviorálne financie dnes

Pokračovanie príspevku z predchádzajúceho čísla. Významné odchýlky od racionality a štúdie, ktoré sa zaoberali ich výskumom. Návrh jednoduchých pravidiel, ktorými vplyv týchto odchýlok možno zredukovať. Komplexná prípadová štúdia vplyvu odchýlok na investorove rozhodnutia a metódy finančného poraden...

ver descrição completa

Na minha lista:
Detalhes bibliográficos
Autor principal: Slovík, Michal
Outros Autores: Pilch, Ctibor, 1957-
Formato: Capítulo de Livro
Idioma:eslovaco
Assuntos:
Tags: Adicionar Tag
Sem tags, seja o primeiro a adicionar uma tag!

MARC

LEADER 00000nla a2200000 4500
001 0214414
005 20240502073602.4
041 0 |a slo 
044 |a SK 
245 1 0 |a Behaviorálne financie dnes  |c Michal Slovík 
520 |a Pokračovanie príspevku z predchádzajúceho čísla. Významné odchýlky od racionality a štúdie, ktoré sa zaoberali ich výskumom. Návrh jednoduchých pravidiel, ktorými vplyv týchto odchýlok možno zredukovať. Komplexná prípadová štúdia vplyvu odchýlok na investorove rozhodnutia a metódy finančného poradenstva, ktoré takéto odchýlky zohľadňujú. 
610 2 0 |a investori 
610 2 0 |a investovanie 
610 2 0 |a rozhodovanie investičné 
610 2 0 |a stratégia investičná 
610 2 0 |a portfólio 
100 1 |a Slovík, Michal 
700 1 |a Pilch, Ctibor, 1957-